Vplyv implantácie vnútroočných šošoviek s negatívnou sférickou aberáciou na citlivosť na kontrast
Porovnanie citlivosti na kontrast a centrálnu zrakovú ostrosť u pacientov po implantácii vnútroočných šošoviek s negatívnou sférickou aberáciou.
Uložené v:
| Hlavný autor: | |
|---|---|
| Ďalší autori: | |
| Médium: | Kapitola |
| Jazyk: | Slovak |
| Predmet: | |
| Tagy: |
Žiadne tagy, Buďte prvý, kto otaguje tento záznam!
|
MARC
| LEADER | 00000naa$a2200000$$$4500 | ||
|---|---|---|---|
| 001 | 0114799 | ||
| 005 | 20240502083304.2 | ||
| 041 | 0 | |a slo | |
| 044 | |a CZ | ||
| 245 | 1 | 0 | |a Vplyv implantácie vnútroočných šošoviek s negatívnou sférickou aberáciou na citlivosť na kontrast |c Monika Ilavská, Zuzana Ilavská |
| 520 | |a Porovnanie citlivosti na kontrast a centrálnu zrakovú ostrosť u pacientov po implantácii vnútroočných šošoviek s negatívnou sférickou aberáciou. | ||
| 610 | 2 | 0 | |a medicína |
| 100 | 1 | |a Ilavská, Monika | |
| 700 | 1 | |a Ilavská, Zuzana | |